| 000 | 01800nam a22003617a 4500 | ||
|---|---|---|---|
| 001 | BRCA_9223 | ||
| 003 | FranzMayer | ||
| 005 | 20220921133739.0 | ||
| 008 | 220909b |||||||| |||| 00| 0 eng d | ||
| 020 | _a9788417930233 | ||
| 040 |
_bspa _cMFM |
||
| 041 | 1 |
_aspa _hfre |
|
| 050 |
_aDS821 _bF63 2020 |
||
| 100 |
_aFocillon, Henri, _d1881-1943 _928529 |
||
| 245 | 1 |
_aEnsayo sobre el genio japonés / _bHenri Focillon |
|
| 260 |
_aMadrid, España : _bCasimiro libros, _c2020 |
||
| 300 |
_a100 p. : _bil. fot. ; _c12 x 17 cm. |
||
| 500 | _aUbicación: L60-N1 | ||
| 500 | _aNotas: pp. 91-100 | ||
| 505 |
_tHenri Focillon, Japón y la historia universal del arte / _rDavid Almazán Tomás |
||
| 505 |
_tEnsayo sobre el genio japonés / _rHenri Focillon |
||
| 505 | _tNotas | ||
| 520 | _aEsta obra traducida conserva su interés y permite acercarse a una interpretación de la cultura japonesa que refleja la mirada a Japón de uno de los historiadores del arte más destacados de Francia. A lo largo de la obra, Focillon exhibe sólidos conocimientos sobre la historia de Japón, la estructura social japonesa y sus personajes más relevantes. También hace una síntesis de su pensamiento religioso y de su arte. pero no se trata de una simple exposición de datos, sino una presentación positiva de Japón, su sociedad y su cultura. - David Almazán Tomás. | ||
| 650 |
_aEstructura social _zJapón _928530 |
||
| 650 |
_aCultura _xSociedad _zJapón _928531 |
||
| 650 |
_aArte _xHistoria _zJapón _91234 |
||
| 650 |
_aPensamiento religioso _zJapón _928532 |
||
| 651 |
_aJapón _xHistoria _928533 |
||
| 700 |
_aAlmazán, David _econtribuidor _928534 |
||
| 700 |
_aVillarmir ramos, Diana _etrad. _928535 |
||
| 942 |
_2lcc _cB |
||
| 999 |
_c10842 _d10842 |
||